000 00448nam a2200157 i 4500
001 62953
003 ES-MaACL
005 20230906164746.0
007 t|
008 031127s1973 sp ||||1| spa d
100 1 _aFernández Nicolás, Severiano.
_949954
245 1 0 _aCrónica de un juez /
_cpor Severiano Fernández Nicolás.
260 _a[Madrid] :
_bEscelicer,
_c[1973]
300 _a228 p. ;
_c18 cm.
852 _aES-MaACL
_jC-52596
_bR.85902
999 _c62953
_d62953